000 00293nam a2200121Ia 4500
008 190216s9999||||xx |||||||||||||| ||und||
100 _aKuchhal S C
245 0 _aCorporation Finance Principles And Problems
260 _bKalyani Pub
_c1979
300 _a520p
650 _aCommerce
942 _cBK
999 _c4182
_d4182